Readings in African international relations / compiled and edited with commentary by Yashpal Tandon (Record no. 3005)

000 -LEADER
fixed length control field 00576nam a2200181 4500
003 - CONTROL NUMBER IDENTIFIER
control field OSt
005 - DATE AND TIME OF LATEST TRANSACTION
control field 20210729063041.0
008 - FIXED-LENGTH DATA ELEMENTS--GENERAL INFORMATION
fixed length control field 210729b ||||| |||| 00| 0 eng d
020 ## - INTERNATIONAL STANDARD BOOK NUMBER
International Standard Book Number -
040 ## - CATALOGING SOURCE
Transcribing agency ALUPE UNIVERSITY
050 ## - LIBRARY OF CONGRESS CALL NUMBER
Classification number JX1582
Item number .R4 1974
100 ## - MAIN ENTRY--PERSONAL NAME
Personal name Tandon, Yashpal
245 ## - TITLE STATEMENT
Title Readings in African international relations / compiled and edited with commentary by Yashpal Tandon
260 ## - PUBLICATION, DISTRIBUTION, ETC.
Place of publication, distribution, etc. Publication details: Nairobi :
Name of publisher, distributor, etc. East African Literature Bureau,
Date of publication, distribution, etc. 1974
300 ## - PHYSICAL DESCRIPTION
Extent 269p. :
Dimensions 23 cm
650 ## - SUBJECT ADDED ENTRY--TOPICAL TERM
Topical term or geographic name entry element Africa -- Foreign relations
942 ## - ADDED ENTRY ELEMENTS (KOHA)
Source of classification or shelving scheme
Koha item type Book
Suppress in OPAC SO
Holdings
Withdrawn status Lost status Source of classification or shelving scheme Damaged status Not for loan Permanent Location Current Location Shelving location Date acquired Source of acquisition Total Checkouts Full call number Barcode Date last seen Copy number Price effective from Koha item type Public note
          AU LIBRARY AU LIBRARY Open Shelf 19.07.2021 DONATION FROM MOI UNIVERSITY   JX158 .R4 1974 C1 28001694 19.07.2021 1 19.07.2021 Book DO
          AU LIBRARY AU LIBRARY Open Shelf 23.06.2022 DONATION FROM MOI UNIVERSITY   JX158 .R4 1974 C2 28001695 23.06.2022 2 23.06.2022 Book MM

Powered by Koha